书目信息 |
| 题名: |
城市交通拥堵及其控制问题研究
|
|
| 作者: | 刘小丽, 著 | |
| 分册: | ||
| 出版信息: | 北京 中国经济出版社 2018.12 |
|
| 页数: | 183页 | |
| 开本: | 24cm | |
| 丛书名: | ||
| 单 册: | ||
| 中图分类: | U491 | |
| 科图分类: | ||
| 主题词: | 城市交通--cheng shi jiao tong--交通拥挤--研究 | |
| 电子资源: | ||
| ISBN: | 978-7-5136-5459-3 | |
| 000 | 01262nam0 2200265 450 | |
| 001 | 0100010434 | |
| 005 | 20190905093951.0 | |
| 010 | @a978-7-5136-5459-3@dCNY58.00 | |
| 100 | @a20190901d2018 em y0chiy50 ea | |
| 101 | 0 | @achi |
| 102 | @aCN@b110000 | |
| 105 | @aak a 001yy | |
| 106 | @ar | |
| 200 | 1 | @a城市交通拥堵及其控制问题研究@Acheng shi jiao tong yong du ji qi kong zhi wen ti yan jiu@d= Urban traffic congestion research on its control problems@f刘小丽著@zeng |
| 210 | @a北京@c中国经济出版社@d2018.12 | |
| 215 | @a183页@c图@d24cm | |
| 314 | @a刘小丽, 博士, 教授, 现任江西财经大学党委常委、副校长。 | |
| 320 | @a有书目 (第178-183页) 和索引 | |
| 330 | @a城市交通拥堵问题的解决也非常复杂, 涉及到城市发展与布局、交通规划与建设、交通运营与管理等诸多方面, 是一个复杂的系统工程问题, 需要有系统的观点与新的视角来研究解决, 提出城市交通拥堵控制的政策与策略。基于上述思考, 本书在国家社科基金项目支持下对其进行了深入的研究, 并得出相应结论, 以期为城市交通拥堵问题的解决尽心出力! | |
| 510 | 1 | @aUrban traffic congestion research on its control problems@zeng |
| 606 | 0 | @a城市交通@Acheng shi jiao tong@x交通拥挤@x研究 |
| 690 | @aU491@v5 | |
| 701 | 0 | @a刘小丽,@Aliu xiao li@f1963-@4著 |
| 801 | 0 | @aCN@c20190905 |
| 905 | @a河南城建学院图书馆@dU491@eL693 | |
| 城市交通拥堵及其控制问题研究= Urban traffic congestion research on its control problems/刘小丽著.-北京:中国经济出版社,2018.12 |
| 183页:图;24cm |
| ISBN 978-7-5136-5459-3:CNY58.00 |
| 城市交通拥堵问题的解决也非常复杂, 涉及到城市发展与布局、交通规划与建设、交通运营与管理等诸多方面, 是一个复杂的系统工程问题, 需要有系统的观点与新的视角来研究解决, 提出城市交通拥堵控制的政策与策略。基于上述思考, 本书在国家社科基金项目支持下对其进行了深入的研究, 并得出相应结论, 以期为城市交通拥堵问题的解决尽心出力! |
| ● |
| 相关链接 |
|
|
|
正题名:城市交通拥堵及其控制问题研究
索取号:U491/L693
 
预约/预借
| 序号 | 登录号 | 条形码 | 馆藏地/架位号 | 状态 | 备注 |
| 1 | 1438176 | 214381765 | 自科库501/501自科库 88排2列4层/ [索取号:U491/L693] | 在馆 | |
| 2 | 1438177 | 214381774 | 自科库501/501自科库 88排2列4层/ [索取号:U491/L693] | 在馆 |